Ciudades más grandes de España por comunidad - Estadísticas

Estadísticas generales
  • Esta prueba ha sido intentada 510 veces
  • La puntuación promedio es 57 de 87
Estadísticas de respuestas
Comunidad Autónoma Población Respuesta % Correcto
Andalucía 688.592 Sevilla
98%
Cataluña 1.636.762 Barcelona
96%
Madrid 3.266.126 Madrid
96%
Andalucía 574.654 Málaga
96%
Andalucía 232.462 Granada
95%
Aragón 674.997 Zaragoza
95%
Asturias 219.686 Oviedo
94%
Comunidad Valenciana 794.288 Valencia
94%
País Vasco 346.843 Bilbao
93%
Murcia 453.258 Murcia
93%
Andalucía 325.701 Córdoba
92%
Castilla-La Mancha 84.873 Toledo
92%
Comunidad Valenciana 334.887 Alicante
91%
Ciudades Autónomas 84.777 Ceuta
91%
Asturias 271.780 Gijón
91%
Castilla y León 124.303 León
91%
Ciudades Autónomas 86.487 Melilla
91%
Baleares 416.065 Palma
91%
Navarra 201.653 Pamplona
91%
Cantabria 172.539 Santander
91%
Castilla y León 298.412 Valladolid
91%
Castilla-La Mancha 173.329 Albacete
90%
Extremadura 150.702 Badajoz
90%
Comunidad Valenciana 171.728 Castellón
89%
Aragón 53.132 Huesca
89%
Galicia 245.711 La Coruña
89%
Canarias 379.925 Las Palmas de Gran Canaria
89%
Aragón 35.890 Teruel
89%
Galicia 295.364 Vigo
89%
Castilla y León 175.821 Burgos
88%
Extremadura 96.126 Cáceres
88%
Castilla-La Mancha 74.746 Ciudad Real
88%
La Rioja 151.136 Logroño
88%
Castilla y León 144.228 Salamanca
88%
País Vasco 187.415 San Sebastián
87%
Galicia 98.276 Lugo
86%
Galicia 97.260 Santiago de Compostela
86%
Castilla-La Mancha 85.871 Guadalajara
84%
Baleares 49.783 Ibiza
84%
Galicia 105.233 Orense
84%
País Vasco 251.774 Vitoria-Gasteiz
83%
Extremadura 59.335 Mérida
82%
Canarias 207.312 Santa Cruz de Tenerife
82%
Murcia 214.802 Cartagena
81%
Cataluña 264.923 L'Hospitalet de Llobregat
81%
Castilla y León 78.412 Palencia
80%
Comunidad Valenciana 232.517 Elche
72%
Andalucía 212.749 Jerez de la Frontera
72%
Madrid 189.861 Leganés
72%
Madrid 209.184 Móstoles
71%
Madrid 195.649 Alcalá de Henares
67%
Cataluña 220.440 Badalona
65%
Cataluña 213.644 Sabadell
64%
País Vasco 100.881 Barakaldo
62%
Asturias 78.182 Avilés
61%
Castilla-La Mancha 83.417 Talavera de la Reina
61%
Madrid 193.700 Fuenlabrada
58%
Murcia 94.404 Lorca
55%
Cataluña 220.556 Terrassa
52%
País Vasco 77.946 Guecho
51%
Canarias 157.503 La Laguna
50%
Cantabria 51.494 Torrelavega
47%
Extremadura 39.913 Plasencia
46%
Navarra 36.258 Tudela
45%
Aragón 20.024 Calatayud
42%
Baleares 43.808 Manacor
42%
Canarias 102.647 Telde
41%
La Rioja 24.220 Calahorra
40%
Comunidad Valenciana 83.337 Torrevieja
40%
Cantabria 32.069 Castro-Urdiales
34%
La Rioja 11.408 Haro
34%
Extremadura 37.151 Don Benito
32%
Murcia 42.048 Alcantarilla
30%
Canarias 81.216 Arona
28%
Asturias 39.420 Langreo
27%
Baleares 50.559 Calvià
22%
Murcia 71.890 Molina de Segura
19%
Aragón 18.691 Utebo
19%
La Rioja 14.875 Arnedo
18%
Baleares 38.015 Santa Eulalia
18%
Asturias 51.667 Siero
18%
Navarra 20.199 Barañáin
11%
Cantabria 30.260 Camargo
10%
Cantabria 25.559 Piélagos
10%
Navarra 19.096 Burlada
9%
La Rioja 10.500 Lardero
8%
Navarra 21.128 Valle de Egüés
6%
No se encontraron pruebas coincidentes
Distribución de puntuación
Porcentaje de gente con cada puntuación
Porcentaje por número respondido
Historial de tus puntuaciones
No has intentado esta prueba.